000
00327nam a2200121 a 4500
005
20140414131903.0
008
100922s19uu xx 00 eng d
050
_a
FIC
_b
L57 1997
100
_a
Levine, Ellen
245
_a
Saved! :
_b
animal rescues great and small.
260
_a
New York :
_b
Scholastic,
_c
1997.
999
_c
110782
_d
110782